Islands with the highest population density in the world - Statistics

General Stats
  • This quiz has been taken 81 times
  • The average score is 6 of 10
Answer Stats
Island Population density (hab/km2) Answer % Correct
Manhattan island 27.489 United States
99%
Île Saint-Louis 22.409 France
91%
Malé 47.416 Maldives
87%
Ilha de Moçambique 36.210 Mozambique
82%
Ap Lei Chau island 66.755 China
76%
Salsette Island 24.414 India
71%
Santa Cruz del Islote 103.916 Colombia
51%
Migingo island 100.000 Kenya
24%
Ebeye Island 41.667 Marshall Islands
18%
Fadiouth island 60.000 Senegal
18%
No matching quizzes found
Score Distribution
Percent of People with Each Score
Percentile by Number Answered
Your Score History
You have not taken this quiz